| 000 | 00677nam a22002057a 4500 | ||
|---|---|---|---|
| 003 | OSt | ||
| 005 | 20140721104129.0 | ||
| 008 | 131113b1993 slv spa | ||
| 040 | _cBMC | ||
| 082 | _a972.8413 | ||
| 100 | 1 |
_99280 _aFajardo, Juan José |
|
| 245 | 1 | 0 |
_aMonografía general de Nahulingo _b: proyecto "Venga y busque con nosotros" _cJuan José Fajardo |
| 250 | _a1ª ed | ||
| 260 |
_aSan Salvador _bPatronato Pro-Patrimonio Cultural _c1993 |
||
| 300 |
_a195 p. _bil. _c22 cm |
||
| 651 | 4 |
_99297 _aSonsonate (El Salvador) _xDescripción |
|
| 651 | 4 |
_99277 _aSonsonate (El Salvador) _xHistoria |
|
| 651 | 4 |
_99279 _aNahulingo (El Salvador) _xDescripción |
|
| 942 |
_2ddc _cBK |
||
| 999 |
_c4105 _d4105 |
||